000 00975nam a2200229Ii 4500
003 JO-AjNU
008 230605s9999||||xx |||||||||||||| ||und||
017 _a2004/9/2249
020 _a9957-16-054-0
040 _aJO-AjNU
_bara
_erda
_cJO-AjNU
041 _aara
050 1 4 _aK5226.D446.2010
100 3 _a الذنيبات ، غازي مبارك ,
_eauthor
_926748
245 0 0 _aالخبرة الفنية في إثبات التزوير في المستندات الخطية فنا وقانونا " دراسة مقارنة "
250 _aط2
264 3 1 _aعمان : دار الثقافة ، 2010
300 _a368ص
_bيشتمل على قائمة بالمراجع الببليوغرافية باللغة العربية و الأجنبية (343-368)
336 _atext
_btxt
_2rdacontent
337 _aunmediated
_bn
_2rdamedia
338 _avolume
_bnc
_2rdacarrier
650 4 _aالتزوير - القانون الجنائي - النصب والاحتيال
_926749
999 _aA10172
_c13740
_d13740